000 00350nam a2200133Ia 4500
005 20251222143214.0
008 251222s9999||||xx |||||||||||||| ||spa||
020 _a9786071502742
082 _a616.19/M12
245 0 _aHarrison Manual de Medicina
250 _a17a. ed.
264 _bMcGraw-Hill Pando Americana Editores, S.A. de C.V.
942 _cLIB
999 _c13570
_d13570